Vista normal
Vista MARC
Entrada Personal Name
Número de registros utilizados en: 1
001 - CONTROL NUMBER
- control field: 60218
003 - CONTROL NUMBER IDENTIFIER
- control field: OSt
005 - DATE AND TIME OF LATEST TRANSACTION
- control field: 20250611171412.0
008 - FIXED-LENGTH DATA ELEMENTS
- fixed length control field: 250611|| aca||aabn | a|a d
040 ## - CATALOGING SOURCE
- Original cataloging agency: OSt
- Transcribing agency: OSt
100 ## - HEADING--PERSONAL NAME
- Personal name: Wacquez, Mauricio,
- Dates associated with a name: 1939-2000
670 ## - SOURCE DATA FOUND
- Source citation: Work cat.: (OSt)57283: Flaubert, Gustave, 1821-1880 2571, Tres cuentos